000 00329 a2200157 4500
001 60875
020 _a9788561635831
040 _cAnchieta - Pituba
100 _aHeidelbach, Nikolaus
240 1 0 _aFranz Kafka
_lpor
245 1 0 _aFranz Kafka
300 _a117
362 0 _a2010
650 4 _aLiteratura alemã
942 _cBK
999 _c60875
_d60875